MGMT : (Record no. 101907)
[ view plain ]
| 000 -LEADER | |
|---|---|
| fixed length control field | 01077nam a22002537a 4500 |
| 005 - DATE AND TIME OF LATEST TRANSACTION | |
| control field | 20170613143751.0 |
| 010 ## - LCCN (DPL NO) | |
| LC control number | 1617EN B-650701-706 ENG-116831 |
| 020 ## - INTERNATIONAL STANDARD BOOK NUMBER | |
| International Standard Book Number | 9788131520321 |
| Terms of availability | 899.00 |
| 035 ## - SYSTEM CONTROL NUMBER | |
| System control number | B-650701-706 |
| 035 ## - SYSTEM CONTROL NUMBER | |
| System control number | EN-100363 |
| 035 ## - SYSTEM CONTROL NUMBER | |
| System control number | B-667469 |
| 037 ## - SOURCE OF ACQUISITION | |
| Stock number | dpl |
| Source of stock number/acquisition | BSB |
| 082 ## - DEWEY DECIMAL CLASSIFICATION NUMBER | |
| Classification number | 658 |
| 100 ## - MAIN ENTRY--PERSONAL NAME | |
| Personal name | Williams, Chuck |
| 245 ## - TITLE STATEMENT | |
| Title | MGMT : |
| Statement of responsibility, etc | by Chuck Williams [and] Manas Ranjan Tripathy |
| Remainder of title | a South-Asian perspective / |
| 246 ## - VARYING FORM OF TITLE | |
| Remainder of title | Principles of management : a South-Asian perspective / |
| 260 ## - PUBLICATION, DISTRIBUTION, ETC. (IMPRINT) | |
| Place of publication, distribution, etc | Delhi |
| Name of publisher, distributor, etc | Cengage Learning |
| Date of publication, distribution, etc | 2016 |
| 270 ## - ADDRESS | |
| Address | 418,F.I.E.Patparganj |
| City | Delhi |
| Postal code | 110092 |
| Fax number | - |
| Electronic mail address | - |
| 300 ## - PHYSICAL DESCRIPTION | |
| Extent | x,577p. : |
| Dimensions | 27cm(pbk) |
| Other physical details | ill |
| 500 ## - GENERAL NOTE | |
| General note | Includes index |
| 942 ## - ADDED ENTRY ELEMENTS (KOHA) | |
| Source of classification or shelving scheme | Dewey Decimal Classification |
| Item type | English Books |
| Call number suffix | WIL |
| Classification part | 658 |
| Withdrawn status | Lost status | Not for loan | Collection code | Home library | Current library | Date acquired | Source of acquisition | Cost, normal purchase price | Full call number | Barcode | Copy number | Cost, replacement price | Koha item type |
|---|---|---|---|---|---|---|---|---|---|---|---|---|---|
| Non-fiction | Ashok Vihar | Ashok Vihar | 30/05/2017 | BPPD/EN/2016-17/AV/455/15.2.2017/559/3.3.2017/17.3.2017 | 899.00 | 658 WIL | B-667469 | 1 | 899.00 | English Books | |||
| Not For Loan | Non-fiction | D.B.Act.Division | Bawana | 15/12/2016 | DBAD/PUB | 850.00 | 658 WIL | EN-100363 | 1 | 850.00 | English Books | ||
| Non-fiction | Central Library | Central Library | 01/02/2017 | BPPD/EN/2016-17/289/24.11.2016/337/2.12.2016/4.1.2017 | 899.00 | 658 WIL | B-650701 | 1 | 899.00 | English Books | |||
| Non-fiction | Janak Puri | Janak Puri | 01/02/2017 | BPPD/EN/2016-17/289/24.11.2016/337/2.12.2016/4.1.2017 | 899.00 | 658 WIL | B-650704 | 1 | 899.00 | English Books | |||
| Non-fiction | Kasturba Gandhi Marg | Kasturba Gandhi Marg | 01/02/2017 | BPPD/EN/2016-17/289/24.11.2016/337/2.12.2016/4.1.2017 | 899.00 | 658 WIL | B-650703 | 1 | 899.00 | English Books | |||
| Non-fiction | Patel Nagar | Patel Nagar | 01/02/2017 | BPPD/EN/2016-17/289/24.11.2016/337/2.12.2016/4.1.2017 | 899.00 | 658 WIL | B-650702 | 1 | 899.00 | English Books | |||
| Non-fiction | Sarojini Nagar | Sarojini Nagar | 01/02/2017 | BPPD/EN/2016-17/289/24.11.2016/337/2.12.2016/4.1.2017 | 899.00 | 658 WIL | B-650705 | 1 | 899.00 | English Books | |||
| Non-fiction | Shahdara Branch | Shahdara Branch | 01/02/2017 | BPPD/EN/2016-17/289/24.11.2016/337/2.12.2016/4.1.2017 | 899.00 | 658 WIL | B-650706 | 1 | 899.00 | English Books |
